| 000 | 00858nam a2200265Ia 4500 | ||
|---|---|---|---|
| 001 | 21846 | ||
| 005 | 20260320113318.0 | ||
| 008 | 260320s9999||||xx |||||||||||||| ||und|| | ||
| 020 | _a9786123226329 | ||
| 041 | _aESP | ||
| 082 |
_a344.83 _bF35 |
||
| 100 |
_aFeijoo Sánchez, Bernardo José, _eAUT |
||
| 245 | 0 |
_aDerecho penal económico : _bestudios dogmáticos |
|
| 246 |
_a _5 _b |
||
| 250 | _aPrimera edición | ||
| 260 |
_aLima : _bInstituto Pacífico, _c2025 |
||
| 300 |
_a687 páginas : _b _c25 cm. _e |
||
| 440 |
_a _n _v |
||
| 650 | _aCIS | ||
| 653 | _aDerecho; Derecho penal; Derecho penal económico | ||
| 654 | _aDER | ||
| 700 |
_a _c |
||
| 856 |
_uhttps://palestra-tirantonline-com.ucsp.lookproxy.com/base/per/general/searches?token_id=69136d917e6644000b0a6933 _zVéase además: Base de datos Tirant Palestra |
||
| 942 |
_cLIB _dJUS _fTRC _2ddc _n |
||
| 999 |
_c21846 _d21846 |
||